00565nam a22001817a 450000500170000001000150001702000260003203500130005803700120007108200140008310000190009724500880011625000110020426000440021527000790025930000260033850000190036420170412171243.0 aENG-109127 a9789351439851c425.00 aB-667528 bKBD/Ven a345.54056 a Janak Raj Jai aBail law and procedures :cby Janak Raj Jaibwith tips to avoid police harassment / a7th ed a DelhibUniversal Law Publishing c2016 aC- FF - 1A, Dilkhush Industrial Estate, G. T. Karnal Road,b Delhie110033 axxxv,320p.c24cm(pbk) aIncludes index